000 00411nam a2200145Ia 4500
008 231129s2017||||xx |||||||||||||| ||spa||
020 _a978-958-48-1487-6
040 _bspa
082 _a759.9861 M971s
100 _aMuñoz Izquierdo Ricardo 1985-
245 0 _aSketchbook 2017
260 _c2017
264 _aPereira Risaralda : Luz de Luna Editores
942 _2ddc
_cBKS
999 _c24708
_d24708